La Celestina

Gespeichert in:
Bibliographische Detailangaben
1. Verfasser: Rojas, Fernando de (VerfasserIn)
Format: Buch
Sprache:Spanisch
Veröffentlicht: Buenos Aires CEAL 1969
Ausgabe:1a. ed
Schriftenreihe:Biblioteca Básica Universal
Schlagworte:
Tags: Tag hinzufügen
Keine Tags, Fügen Sie den ersten Tag hinzu!

MARC

LEADER 00000cam a2200000 a 4500
001 UCE8014
003 CL-VaPUC
008 150728e19690000ag |||||||||||||||||spa|d
082 0 4 |a 862  |b ROJ  |2 21 
100 0 |a Rojas, Fernando de  |e author  |9 326656 
245 1 3 |a La Celestina 
250 |a 1a. ed 
300 |a 163 p 
942 |c BK 
945 |d 20150728 02:04:00  |a dcastane 
260 |a Buenos Aires  |b CEAL  |c 1969 
650 0 |a Dramas españoles  |9 267081 
650 0 |a Teatro español  |9 265077 
583 |a last modification  |c 20150728 02:04:00  |k Rodrigo Vera 
490 0 |a Biblioteca Básica Universal 
999 |c 359971  |d 359969 
952 |0 0  |1 0  |3 erb  |4 0  |6 862_000000000000000_ROJ_1969  |7 0  |8 A  |9 469594  |a BIBEDU  |b BIBEDU  |e Villagrán Garnham, Jorge  |i 5186447  |l 1  |o 862 ROJ 1969  |p 5186447  |r 2023-11-27  |s 2023-11-22  |w 2019-11-23  |y BK  |z Catalogado en:20150728  |k LIT